<?xml version="1.0" encoding="UTF-8"?>
<record
    xmlns:xsi="http://www.w3.org/2001/XMLSchema-instance"
    xsi:schemaLocation="http://www.loc.gov/MARC21/slim http://www.loc.gov/standards/marcxml/schema/MARC21slim.xsd"
    xmlns="http://www.loc.gov/MARC21/slim">

  <leader>01126nam a2200241 i 4500</leader>
  <controlfield tag="001">181606</controlfield>
  <controlfield tag="003">ES-MaACL</controlfield>
  <controlfield tag="005">20250824085056.0</controlfield>
  <controlfield tag="008">130222m19031905sp |         |||| ||spa d</controlfield>
  <datafield tag="100" ind1="1" ind2=" ">
    <subfield code="a">Silva y Figueroa, Garc&#xED;a de,</subfield>
    <subfield code="d">1550-1624</subfield>
    <subfield code="9">106411</subfield>
  </datafield>
  <datafield tag="245" ind1="1" ind2="0">
    <subfield code="a">Comentarios de D. Garc&#xED;a de Silva y Figueroa de la embajada que de parte del rey de Espa&#xF1;a Don Felipe III hizo al rey Xa Abas de Persia / </subfield>
    <subfield code="c">los publica la Sociedad de Bibli&#xF3;filos Espa&#xF1;oles.</subfield>
  </datafield>
  <datafield tag="260" ind1=" " ind2=" ">
    <subfield code="a">Madrid : </subfield>
    <subfield code="b">Sociedad de Bibli&#xF3;filos Espa&#xF1;oles, </subfield>
    <subfield code="c">1903-1905 (</subfield>
    <subfield code="f">Est. Tip. de la "Revista de Arch. Bibl. y Museos"])</subfield>
  </datafield>
  <datafield tag="300" ind1=" " ind2=" ">
    <subfield code="a">2 v. ; </subfield>
    <subfield code="c">24 cm.</subfield>
  </datafield>
  <datafield tag="490" ind1="1" ind2=" ">
    <subfield code="a">Sociedad de Bibli&#xF3;filos Espa&#xF1;oles ; </subfield>
    <subfield code="v">36</subfield>
  </datafield>
  <datafield tag="651" ind1=" " ind2="4">
    <subfield code="a">Espa&#xF1;a-</subfield>
    <subfield code="x">Relaciones-</subfield>
    <subfield code="z">Ir&#xE1;n.</subfield>
    <subfield code="9">174090</subfield>
  </datafield>
  <datafield tag="651" ind1=" " ind2="4">
    <subfield code="a">Ir&#xE1;n-</subfield>
    <subfield code="x">Relaciones-</subfield>
    <subfield code="z">Espa&#xF1;a.</subfield>
    <subfield code="9">174091</subfield>
  </datafield>
  <datafield tag="651" ind1=" " ind2="4">
    <subfield code="a">Ir&#xE1;n-</subfield>
    <subfield code="x">Descripci&#xF3;n-</subfield>
    <subfield code="v">Obras anteriores a 1800.</subfield>
    <subfield code="9">152345</subfield>
  </datafield>
  <datafield tag="651" ind1=" " ind2="4">
    <subfield code="a">India-</subfield>
    <subfield code="x">Descripci&#xF3;n-</subfield>
    <subfield code="v">Obras anteriores a 1800.</subfield>
    <subfield code="9">152346</subfield>
  </datafield>
  <datafield tag="710" ind1="2" ind2=" ">
    <subfield code="a">Sociedad de Bibli&#xF3;filos Espa&#xF1;oles.</subfield>
    <subfield code="9">6661</subfield>
  </datafield>
  <datafield tag="830" ind1="0" ind2="0">
    <subfield code="a">Sociedad de Bibli&#xF3;filos Espa&#xF1;oles</subfield>
    <subfield code="v">36</subfield>
    <subfield code="9">187662</subfield>
  </datafield>
  <datafield tag="852" ind1="4" ind2=" ">
    <subfield code="a">ES-MaACL</subfield>
    <subfield code="j">J-7(36)</subfield>
  </datafield>
  <datafield tag="999" ind1=" " ind2=" ">
    <subfield code="c">181606</subfield>
    <subfield code="d">181606</subfield>
  </datafield>
  <datafield tag="952" ind1=" " ind2=" ">
    <subfield code="0">0</subfield>
    <subfield code="1">0</subfield>
    <subfield code="4">0</subfield>
    <subfield code="7">0</subfield>
    <subfield code="a">ATENEOM</subfield>
    <subfield code="b">ATENEOM</subfield>
    <subfield code="c">DEPO2</subfield>
    <subfield code="d">2013-02-22</subfield>
    <subfield code="e">COM</subfield>
    <subfield code="l">0</subfield>
    <subfield code="o">J-7(36)</subfield>
    <subfield code="p">1190850</subfield>
    <subfield code="r">2023-02-23 00:00:00</subfield>
    <subfield code="w">2023-02-23</subfield>
    <subfield code="y">MONOGRAFIA</subfield>
  </datafield>
</record>
